02936nam a22002537a 450000500170000000800410001704000700005804100080012808200160013610000310015224202810018324502700046426001430073430000790087750006980095650000630165450505860171750600210230354600210232465000550234565000690240065300190246985601940248820170419154933.0130419s1621||||sp |||fr|||||001|0|lat d aCo-BoUCMbspacSandra Yazo (modificó)dSandra Yazo (modificó)0 alat04a348.9462201 aMieres, Tomàsc1400-147400aRecopilación de las Disposiciones de las Cortes Generales de Cataluña ... Primera [-Segunda] Partecpor Tomás Mieres ... ; depurada de innumerables errores que antes la afectaban, enriquecida con sumarios por Onofre Miguel Puigferrer ; con un índice muy completo.yspa10aApparatus super Constitutionibus Curiarum Generalium Cathaloniae ... Pars Prima [-Secunda]cper Thomam Mieres ... ; ab innumeris, quibus antea scatebat, mendis repurgata ; et à ... Onophrio Michaele Puigferrer ... Summariis Adornata. Cum indice locupletissimo ... aBarcinonae [Barcelona] (España)bTypis, & aere Sebastiani à Cormellas [En la imprenta y fundición de Sebastián de Cormellas]c1621 a2 tomos en un volumen ([6], 411, [55] ; 556, [64] páginas)c30 x 21 cm. aDetalles físicos: Encuadernación flexible en pergamino. Tapas con pergamino arrugado y manchado y la posterior incompleta. Ejemplar desencuadernado. Conserva parcialmente las guardas. Portada impresa en una sola tinta con un grabado (escudo de Cataluña) con una anotación manuscrita de Fray Cristóbal de Torres. Incluye una segunda portada. Privilegio (en catalán). Dedicatoria. Censura. Prólogo. Texto impreso en dos columnas con varios tipos y tamaños de letra. Sumarios al inicio de cada capítulo. Párrafos numerados. Signaturas y reclamos. Mayúsculas capitales. Cenefas y remates. Colofón al final del texto. Al final varias hojas con roturas y dobleces en esquinas aPerteneció a la biblioteca de Fray Cristóbal de Torres0 aDisposiciones de las Cortes Catalanas: Parte I – II: Jaime I en las Cortes de Barcelona ; Pedro II en las Cortes de Barcelona ; Alfonso II en las Cortes de Monzón ; Jaime II en las Cortes de Barcelona ; Jaime II en las Cortes de Lérida ; Jaime II en las Cortes de Gerona ; Pedro III en las Cortes de Perpiñán ; Pedro III en las Cortes de Cervera -- Pedro III en las Cortes de Monzón ; La reina consorte Leonor y las Cortes de Tortosa ; El Rey Martín en las Cortes de Barcelona ; El rey Fernando en las Cortes de Barcelona ; La Reina María en las Cortes de Barcelona aConsulta en sala aTexto en latín 7aDerecho civilzCataluñaxObras anteriores a 1800 7aAdministración pública zCataluñaxObras anteriores a 1800 aAmbos derechos uhttp://books.google.com.co/books?id=3YWXXb1WXNsC&printsec=frontcover&dq=Apparatus+super+constitutionibus+Curiarum&hl=es&sa=X&ei=a2rpUZy2Guji4AO3t4DwDg&ved=0CDEQ6AEwAQzDisponible en línea